000 00593nam a2200205 4500
001 VA54693
003 ES-SlBCS
005 20210601160800.0
008 140520s1966 xxu||||| |||| 00| 0 spa d
017 _aB-26296-1966
041 _aspa
100 1 _aPrat González, Narciso
_9394474
245 1 0 _aRecursos de la comunidad
_b:Guía asistencial de Barcelona
_cNarciso Prat González
260 _aBarcelona :
_bCáritas Diocesana de Barcelona
_c, 1966
300 _a527,Planos p.;
_c24 cm
490 0 _a
_v1
500 _aDepósito 3
650 0 4 _aComunidad-Barcelona
_9394475
942 _cBK
999 _c833841
_d833841